01026cam a22003253a 45000010005000000030006000050050017000110080041000280400015000690420007000840500007000911000037000982450060001352600029001955060030002245160020002546530014002746530030002886530044003186530040003626530035004026530046004376530027004836530021005108300028005318560041005599420007006009990019006079520074006262266PGUSA20140828083012.0000701s2000||||xxu|||||s|||||000 | eng d aPGUSAbeng adc 4aPR1 aShakespeare, William,d1564-161610aKing Learh[electronic resource] /cWilliam Shakespeare bProject Gutenberg,c2000 aPublic domain in the USA. aElectronic text aTragedies aKings and rulers -- Drama aKings and rulers -- Succession -- Drama aInheritance and succession -- Drama aFathers and daughters -- Drama aLear, King (Legendary character) -- Drama aAging parents -- Drama aBritons -- Drama 0aProject Gutenbergv226640uhttp://www.gutenberg.org/ebooks/2266 cEB c231603d231603 001040aGTBbGTBd2014-08-28l0r2014-08-28 00:00:00w2014-08-28yEB